|
|
|
|
| LEADER |
00000cam a2200000 7i4500 |
| 001 |
0000008152 |
| 002 |
000008892 |
| 005 |
20071009.0 |
| 020 |
|
|
|a 0721416551
|
| 090 |
0 |
0 |
|a JF
|b KIP
|
| 100 |
1 |
|
|a Kipling, Rudyard
|
| 245 |
1 |
0 |
|a Tales from the jungle book
|c Rudyard Kipling ; illustred by Steve Lee
|
| 260 |
|
|
|a USA :
|b Ladybird Books LTD ,
|c 1994
|
| 300 |
|
|
|a 51p. :
|b ill. ;
|c 17cm.
|
| 490 |
0 |
|
|a Ladybird Classics
|
| 650 |
0 |
0 |
|a Children's stories
|
| 700 |
1 |
|
|a Lee, Steve ,
|e illustrated
|
| 999 |
|
|
|a 052402
|b BUKU
|c JUNIOR FICTION
|e PERPUSTAKAAN KOMUNITI PETALING JAYA
|
| 999 |
|
|
|a 055556
|b BUKU
|c PINJAMAN
|e PERPUSTAKAAN KOMUNITI CAW KOTA DAMANSARA
|
| 999 |
|
|
|a 055557
|b BUKU
|c PINJAMAN
|e PERPUSTAKAAN KOMUNITI PETALING JAYA
|